000 01011nam a2200205 a 4500
001 BRCA_3488
005 20190320204315.0
041 _aeng
044 _au
050 4 _aNK1370
_b.D48 1995
245 1 0 _aDesigning Modernity
_bThe Arts of Reform and Persuasion 1885-1945 : Selections from the Wolfsonian
_cEdited by Wendy Kaplan.
260 _aEstados Unidos
_bThames and Hudson
_c1995
300 _a352 p.
_bil. (algunas a color)
_c28 cm.
500 _aCatálogo de la exposición realizada en The Wolfsonian (Miami Beach), 11 noviembre, 1995 - 28 abril, 1996 ; Los Angeles County Museum of Art, 21 julio - 22 septiembre, 1996 ; Seatle Art Museum, 24 octubre, 1996 - 12 enero, 1997 y en The Carnegie Museum of Art ( Pittsburgh), 22 febrero - 18 mayo, 1997
504 _aIncluye referencias bibliográficas e índice
650 1 4 _aDiseño
_vExposiciones
_xHistoria
_ySiglo XIX-XX
_99074
650 1 4 _aArtes decorativas
_vExposiciones
_xHistoria
_ySiglo XIX-XX
_99075
700 1 _aKaplan, Wendy
_99076
942 _2lcc
_cB
999 _c3224
_d3224